000 00567nam#a22002175a#4500
001 2613
008 151222s2015####ag############000#0#und#d
245 1 0 _aDías y noches de amor y de guerra :
_by otros relatos /
_cEduardo Galeano.
250 _a1ª edic.
260 _aBuenos Aires :
_bSiglo Veintiuno Editores,
_c2015.
300 _a224 p. ;
_c21 cm.
020 _a9789876295598
100 1 _aGaleano, Eduardo.
080 _a82
084 _aG18
653 _aEnsayo
040 _aAR-ClEAG
_cAR-ClEAG
005 20241107184751.0
003 AR-ClEAG
942 _cBK
999 _c2613
_d2613
980 _62
_aEvangelina Gallicchio
_82
_gEvangelina Gallicchio